| 000 | 00785nam a22002537a 4500 | ||
|---|---|---|---|
| 005 | 20170124110017.0 | ||
| 010 | _a201050 | ||
| 020 | _c00.00 | ||
| 035 | _a201050 | ||
| 037 | _bCen Lib/Ret | ||
| 040 |
_aDPL _bEN |
||
| 082 |
_a629.14353 _bBEE |
||
| 100 |
_aBeeland, Lee _919002 |
||
| 245 |
_aSpace satellite : _cby Lee Beeland [and] Robert wells;illustrated by Jack Coggins _bthe story of the mam made moon / |
||
| 260 |
_aNew Jersey _bPrentice Hall _c1957 |
||
| 270 |
_aNew Jersey _bNew Jersey |
||
| 300 |
_a78p. : _c22cm(Hb) _bill. |
||
| 500 | _aIncludes index | ||
| 650 |
_aArtificial satellites _919003 |
||
| 650 |
_aProject Vanguard _919004 |
||
| 700 |
_aWells, Robert _918983 |
||
| 700 |
_aCoggins, Jack _919005 |
||
| 942 |
_2ddc _cEN _h629.14353 _mBEE |
||
| 999 |
_c126965 _d126965 |
||